Príručka slovenského zmenkového, šekového zákona a zákona o zmenkovom poplatku (pre školy a prax)

Bibliographic Details
Main Author: Koritšánsky, Teodor (Author)
Format: Book
Language:Slovak
PhysicalDescription:80 s. 8°
Published: Košice Lúč 1947
Subjects:

MARC

LEADER 00000cam a2200000 a 4500
001 vtls008379849
003 SK-MaSNL
005 20260302052837.0
008 250312s1947 xo 000 0 slo
015 |a SNBA19451955-005648 
035 |a SK01SNKBKSFS20010072066 
035 |a urn:nbn:sk:snk-am3htqw 
035 |a 6979C8AA-0775-456A-8793-23BA324AA853 
035 |a urn:nbn:sk:snk-am00d90r 
035 |a SKM000074529 
040 |a SNK  |b slo  |c SNK  |e AACR2 
041 0 |a slo 
044 |a xo  |c SK 
080 |a 347.7  |2 1981 
100 1 |a Koritšánsky, Teodor  |4 aut  |9 348019 
245 1 0 |a Príručka slovenského zmenkového, šekového zákona a zákona o zmenkovom poplatku  |b (pre školy a prax)  |c sostavil Teodor Koritšánsky 
260 |a Košice  |b Lúč  |c 1947  |e Košice  |f Alžbeta 
300 |a 80 s.  |c 8° 
650 0 7 |a zmenky  |2 SNKPH  |9 1543 
650 0 7 |a šeky  |2 SNKPH  |9 309321 
650 0 7 |a zákony  |2 SNKPH  |9 1156 
650 0 7 |a finančníctvo  |2 SNKPH  |9 667 
655 7 |a príručky  |2 SNKPH  |9 74364 
852 |a Slovenská národná knižnica 
958 |a OND 
958 |a RK 
958 |a TL 
999 |c 1106901  |d 1108831 
952 |a SNK  |b SNK  |y VYP  |7 0  |p 17A0557861  |o snkSD 5586 D1  |i snkKSF 376/57  |8 5  |0 0  |1 0  |4 0  |d 2007-09-26  |l 0  |r 2026-02-24 17:49:00  |w 2026-02-24 
952 |a SNK  |b SNK  |y PREZ  |7 0  |p 17A0908981  |o snkSD 5586  |i snk827/47  |0 0  |1 0  |4 0  |d 2018-11-05  |f 1  |l 0  |r 2025-11-13 00:00:00  |w 2026-02-24